| 000 | 00000nas##2200000za#4500 |
| 001 | 9.511897 |
| 003 | CaOODSP |
| 005 | 20200325114439 |
| 007 | ta |
| 008 | 150406c2010||||xxc|| p #||||f| |0fre|d |
| 022 | |a0227-4787 |
| 040 | |aCaOODSP|bfre |
| 041 | |aeng |
| 041 | |afre |
| 043 | |an-cn--- |
| 086 | 1 |aEn1-20 |
| 110 | 1 |aCanada. |bEnvironnement Canada. |
| 245 | 10|aLoi sur les ressources en eau du Canada, rapport annuel |
| 260 | |aOttawa - Ontario : |bEnvironnement Canada |
| 310 | |aAnnuel |
| 520 | 3 |aDécrit un large éventail d’activités fédérales menées en application de la Loi, telles que les diverses ententes et initiatives fédérales-provinciales et fédérales-territoriales, les principales recherches sur les ressources en eau et le programme d’information du public. |
| 776 | 0#|tLoi sur les ressources en eau du Canada |w(CaOODSP)9.502275 |
| 776 | 0#|tThe Canada Water Act |w(CaOODSP)9.505871 |
| 791 | |tThe Canada Water Act annual report |eeng|w(CaOODSP)9.511896 |